000 00254nam a2200097Ia 4500
001 719822
005 20250826163220.0
008 250824s9999 xx 000 0 und d
245 0 _aMUCİZELER DÜKKANINA DÖNÜŞ
_cDEBBIE MACOMBER
260 _bMARTI YAYINLARI
999 _c719822
_d719822